Countries in Africa With the Strongest Military - Statistics

General Stats
  • This quiz has been taken 140 times
  • The average score is 9 of 10
Answer Stats
Rank PwrIndx Country % Correct
19 0.3427 Egypt
98%
40 0.6889 South Africa
98%
31 0.5771 Nigeria
96%
26 0.3589 Algeria
94%
59 1.1273 Morocco
93%
52 0.9305 Ethiopia
88%
66 1.3111 DR Congo
87%
76 1.4449 Libya
85%
73 1.4756 Sudan
83%
56 1.0961 Angola
64%
No matching quizzes found
Score Distribution
Percent of People with Each Score
Percentile by Number Answered
Your Score History
You have not taken this quiz